| 000 | 01300nam a2200241Ia 4500 | ||
|---|---|---|---|
| 999 |
_c56513 _d56513 |
||
| 001 | 23627 | ||
| 003 | GE_BSU | ||
| 005 | 20260311105050.0 | ||
| 008 | 181216s1964||||ge |||||||||||||| ||geo|| | ||
| 040 | _cGE_BSU | ||
| 080 | _a94(479.22)(093უცხ.) ყ-36 | ||
| 100 |
_aყაუხჩიშვილი, სიმონ _927109 |
||
| 245 |
_aრას გვიამბობენ ძველი ბერძნები საქართველოს შესახებ / _cსიმონ ყაუხჩიშვილი ; რედ. : ირ. არაბული ; მხატვ. : გ. გორდელაძე. |
||
| 264 |
_aთბილისი : _bსაბჭ. საქართველო, _c1964. |
||
| 300 |
_a143 გვ. ; _c20 სმ. |
||
| 541 | _h1ლ. 10 თ. | ||
| 653 | _aისტორია | ||
| 653 | _aრას გვიამბობენ ძველი ბერძნები საქართველოს შესახებ | ||
| 653 | _aსაქართველოს ისტორიის ბერძნული წყაროები | ||
| 700 |
_aარაბული, ირ. _eრედაქტორი _927110 |
||
| 700 |
_aგორდელაძე, გ. _eმხატვარი _97668 |
||
| 942 |
_cBK _2udc |
||